Most Popular Soft Drinks in the U.S. - Statistics

General Stats
  • This quiz has been taken 61 times
  • The average score is 6 of 10
Answer Stats
Hint Answer % Correct
1 Coca-Cola
100%
3 Pepsi
96%
6 Sprite
93%
4 Dr. Pepper
83%
7 Fanta
83%
5 Mountain Dew
70%
10 7-Up
43%
2 Diet Coke
37%
8 Sierra Mist
20%
9 Sunkist
15%
No matching quizzes found
Score Distribution
Percent of People with Each Score
Percentile by Number Answered
Your Score History
You have not taken this quiz